| 000 | 01066naa a22003137a 4500 | ||
|---|---|---|---|
| 001 | BR6900388 | ||
| 003 | BR-BrBNA | ||
| 005 | 20240918173352.0 | ||
| 007 | ta | ||
| 008 | 230509b bl.||||| |||| 00| 0 por d | ||
| 040 |
_aBR-BrBNA _bpor _cBiblioteca Nacional de Agricultura |
||
| 041 | _a(Pt) | ||
| 072 |
_aE10; E30 _b/G514 |
||
| 090 | _aE10 BR6900388 | ||
| 100 | 1 | _aSpiegel, H.W. | |
| 245 | 1 | _aO estado e o crescimento economico do Brasil [Politica economica] | |
| 260 | 3 |
_aRio de Janeiro, GB (Brasil): _c1969. |
|
| 500 | _aCrescimento economico: Brasil, India e Japao Rio de Janeiro, GB (Brasil): 1969. p. 607-631 (BR6900388-AM)E10 | ||
| 650 | _aMacroeconomia | ||
| 650 | _aPolitica de desenvolvimento | ||
| 650 | _aPolitica economica | ||
| 650 | _aInflacao | ||
| 650 | _aInvestimento | ||
| 650 | _aIndustrializacao | ||
| 650 | _aDesenvolvimento economico | ||
| 773 | 0 |
_tCrescimento economico: Brasil, India e Japao _wE10 BR6900388 _gRio de Janeiro, GB (Brasil), 1969. p. 607-631 |
|
| 909 |
_a202404 _bLucia _c55 _dLucia Elande |
||
| 942 |
_cAM _2AGRIS |
||
| 999 |
_c304223 _d304223 |
||